| 000 | 01491cam a2200313 i 4500 | ||
|---|---|---|---|
| 999 |
_c14300 _d14300 |
||
| 003 | OSt | ||
| 005 | 20260226180740.0 | ||
| 008 | 180110s2018 njua bf 001 0 eng | ||
| 020 |
_a9781119287537 _q(hbk.) |
||
| 042 | _apcc | ||
| 082 | 0 | 0 |
_a690.0285 _223 |
| 100 | 1 |
_aSacks, Rafael, _eauthor. |
|
| 245 | 1 | 0 |
_aBIM handbook : _ba guide to building information modeling for owners, managers, designers, engineers and contractors / _cRafael Sacks, Charles Eastman, Ghang Lee, Paul Teicholz. |
| 250 | _aThird edition. | ||
| 300 |
_axxv, 659 pages : _billustrations (some color) ; _c25 cm |
||
| 504 | _aIncludes bibliographical references (pages 623-637) and index. | ||
| 650 | 0 |
_aBuilding information modeling _vHandbooks, manuals, etc. |
|
| 650 | 0 |
_aBuilding _xComputer simulation _vHandbooks, manuals, etc. |
|
| 650 | 0 |
_aBuilding management _xData processing _vHandbooks, manuals, etc. |
|
| 650 | 0 |
_aCommunication in the building trades _vHandbooks, manuals, etc. |
|
| 650 | 0 |
_aArchitectural practice _vHandbooks, manuals, etc. |
|
| 650 | 0 |
_aArchitects and builders _vHandbooks, manuals, etc. |
|
| 650 | 0 |
_aConstruction industry _xInformation resources management _vHandbooks, manuals, etc. |
|
| 700 | 1 |
_aEastman, Charles, _eauthor. |
|
| 700 | 1 |
_aLee, Ghang, _d1970- _eauthor. |
|
| 700 | 1 |
_aTeicholz, Paul, _eauthor. |
|
| 776 | 0 | 8 |
_iOnline version: _aEastman, Charles M., author. _tBIM handbook _bThird edition. _dHoboken, New Jersey : Wiley, 2018 _z9781119287544 _w(DLC) 2018001340 |
| 942 | _2ddc | ||